| 000 | 00726nam a2200181Ia 4500 | ||
|---|---|---|---|
| 003 | GCL | ||
| 008 | 140319s9999 xx 000 0 ara d | ||
| 040 |
_aGCL / _cGCL |
||
| 082 | 0 | 4 |
_a808.068 _bن ت |
| 100 | 1 | _aنعمة عبدالله اسماعيل حويجى | |
| 245 | 1 | 0 |
_aتحليل محتوى ادب الاطفال فى ضوء معايير الادب فى التصور الاسلامى / _cنعمة عبدالله اسماعيل حويجى |
| 250 | _aالاولى | ||
| 260 |
_aالرياض : _bمكتبة الملك عبدالعزيز العامة ، _c1996 |
||
| 300 |
_a270 ص ؛ _c24 سم |
||
| 650 | 0 | 4 | _aادب الاطفال |
| 650 | 0 | 4 | _aادب الاطفال - مقالات ومحاضرات |
| 942 |
_2ddc _cBK |
||
| 999 |
_c6869 _d6869 |
||